Principios de análisis instrumental
Sparad:
| Huvudupphovsmän: | , , |
|---|---|
| Materialtyp: | Bok |
| Språk: | spanska |
| Publicerad: |
Madrid
McGraw Hill
2001
|
| Upplaga: | 5a. ed |
| Ämnen: | |
| Taggar: |
Lägg till en tagg
Inga taggar, Lägg till första taggen!
|
MARC
| LEADER | 00000cam a2200000 a 4500 | ||
|---|---|---|---|
| 001 | UCN5195 | ||
| 003 | CL-VaPUC | ||
| 008 | 010824e20010000SP |||||||||||||||||spa|d | ||
| 020 | |a 8448127757 | ||
| 082 | 0 | 4 | |a 543.08 |b SKO |2 21 |
| 100 | 0 | |a Skoog, Douglas A |e author |9 461211 | |
| 700 | 0 | |a Holler, F. James |e author |9 461212 | |
| 700 | 0 | |a Nieman, Timothy A |e author |9 461213 | |
| 245 | 1 | 0 | |a Principios de análisis instrumental |
| 250 | |a 5a. ed | ||
| 300 | |a 1028 p | ||
| 942 | |c BK | ||
| 945 | |d 20010824 00:00:00 |a vberengu | ||
| 260 | |a Madrid |b McGraw Hill |c 2001 | ||
| 650 | 0 | |a Espectroscopia atómica |9 373205 | |
| 650 | 7 | |a ESPECTROSCOPIA MOLECULAR |2 CL-VaPUC |9 355256 | |
| 650 | 0 | |a Espectroscopía |9 306791 | |
| 650 | 7 | |a CELDAS ELECTROQUIMICAS |2 CL-VaPUC |9 461214 | |
| 650 | 0 | |a Cromatografía |9 263967 | |
| 650 | 0 | |a Análisis cromatográfico |9 262813 | |
| 583 | |a last modification |c 20150910 11:37:01 |k Rodrigo Vera | ||
| 999 | |c 296852 |d 296850 | ||
| 952 | |0 0 |1 0 |4 0 |6 543_080000000000000_SKO_2001 |7 0 |8 A |9 351052 |a BIBING |b BIBING |d 2019-11-21 |i 3746046 |o 543.08 SKO 2001 |p 3746046 |r 2023-03-02 |w 2019-11-21 |y BK |k EIQ | ||
| 952 | |0 0 |1 0 |4 0 |6 543_080000000000000_SKO_2001 |7 0 |8 A |9 351053 |a BIBING |b BIBING |d 2019-11-21 |i 3746054 |o 543.08 SKO 2001 |p 3746054 |r 2025-01-20 |w 2019-11-21 |y BK |k EIQ | ||
| 952 | |0 0 |1 0 |4 0 |6 543_080000000000000_SKO_2001 |7 0 |8 A |9 351054 |a BIBING |b BIBING |d 2019-11-21 |i 3746062 |o 543.08 SKO 2001 |p 3746062 |r 2025-01-20 |w 2019-11-21 |y BK |k EIQ | ||
| 952 | |0 0 |1 0 |4 0 |6 543_080000000000000_SKO_2001 |7 0 |8 A |9 351055 |a BIBCUR |b BIBCUR |d 2019-11-21 |i 3438945 |o 543.08 SKO 2001 |p 3438945 |r 2025-04-22 |w 2019-11-21 |y BK |k BCB | ||
| 952 | |0 0 |1 0 |4 0 |6 543_080000000000000_SKO_2001 |7 0 |8 A |9 351056 |a BIBING |b BIBING |d 2019-11-21 |i 3779289 |o 543.08 SKO 2001 |p 3779289 |r 2025-01-20 |w 2019-11-21 |y BK |k EIQ | ||
| 952 | |0 0 |1 0 |4 0 |6 543_080000000000000_SKO_2001 |7 0 |8 A |9 351057 |a BIBCUR |b BIBCUR |d 2019-11-21 |i 3796132 |o 543.08 SKO 2001 |p 3796132 |r 2025-04-22 |w 2019-11-21 |y BK |k QUI | ||
| 952 | |0 0 |1 0 |4 0 |6 543_080000000000000_SKO_2001 |7 0 |8 A |9 351058 |a BIBCUR |b BIBCUR |d 2019-11-21 |i 3847942 |o 543.08 SKO 2001 |p 3847942 |r 2025-04-22 |w 2019-11-21 |y BK |k QUI | ||
| 952 | |0 0 |1 0 |4 0 |6 543_080000000000000_SKO_2001 |7 0 |8 A |9 351059 |a BIBCUR |b BIBCUR |d 2019-11-21 |i 3847950 |o 543.08 SKO 2001 |p 3847950 |r 2025-04-22 |w 2019-11-21 |y BK |k QUI | ||
| 952 | |0 0 |1 0 |4 0 |6 543_080000000000000_SKO_2001 |7 0 |8 A |9 351060 |a BIBCUR |b BIBCUR |d 2019-11-21 |i 3847969 |l 1 |o 543.08 SKO 2001 |p 3847969 |r 2025-04-22 |s 2024-05-03 |w 2019-11-21 |y BK |k QUI | ||
| 952 | |0 0 |1 0 |4 0 |6 543_080000000000000_SKO_2001 |7 0 |8 A |9 351061 |a BIBCUR |b BIBCUR |d 2019-11-21 |i 3847977 |o 543.08 SKO 2001 |p 3847977 |r 2025-04-22 |w 2019-11-21 |y BK |k QUI | ||
| 952 | |0 0 |1 0 |4 0 |6 543_080000000000000_SKO_2001 |7 0 |8 A |9 351062 |a BIBCUR |b BIBCUR |d 2019-11-21 |i 3847985 |o 543.08 SKO 2001 |p 3847985 |r 2025-04-22 |w 2019-11-21 |y BK |k QUI | ||
| 952 | |0 0 |1 0 |4 0 |6 543_080000000000000_SKO_2001 |7 0 |8 A |9 351063 |a BIBCUR |b BIBCUR |d 2019-11-21 |i 4042867 |o 543.08 SKO 2001 |p 4042867 |r 2025-04-22 |w 2019-11-21 |y BK |k QUI | ||
| 952 | |0 0 |1 0 |4 0 |6 543_080000000000000_SKO_2001 |7 0 |8 A |9 351064 |a BIBCUR |b BIBCUR |d 2019-11-21 |i 4042875 |l 1 |o 543.08 SKO 2001 |p 4042875 |q 2025-05-13 |r 2025-05-06 |s 2025-05-06 |w 2019-11-21 |y BK |k QUI | ||
| 952 | |0 0 |1 0 |4 0 |6 543_080000000000000_SKO_2001 |7 0 |8 A |9 351065 |a BIBCUR |b BIBCUR |d 2019-11-21 |i 4042883 |l 1 |o 543.08 SKO 2001 |p 4042883 |r 2025-04-22 |s 2022-08-09 |w 2019-11-21 |y BK |k QUI | ||
| 952 | |0 0 |1 0 |4 0 |6 543_080000000000000_SKO_2001 |7 0 |8 A |9 351066 |a BIBCUR |b BIBCUR |d 2019-11-21 |i 4042891 |o 543.08 SKO 2001 |p 4042891 |r 2025-04-22 |w 2019-11-21 |y BK |k QUI | ||
| 952 | |0 0 |1 0 |4 0 |6 543_080000000000000_SKO_2001 |7 0 |8 A |9 351067 |a BIBCUR |b BIBCUR |d 2019-11-21 |i 4042905 |o 543.08 SKO 2001 |p 4042905 |r 2025-04-22 |w 2019-11-21 |y BK |k QUI | ||
| 952 | |0 0 |1 0 |4 0 |6 543_080000000000000_SKO_2001 |7 0 |8 A |9 351068 |a BIBCUR |b BIBCUR |d 2019-11-21 |i 4042913 |o 543.08 SKO 2001 |p 4042913 |r 2025-04-22 |w 2019-11-21 |y BK |k QUI | ||
| 952 | |0 0 |1 0 |4 0 |6 543_080000000000000_SKO_2001 |7 0 |8 A |9 351069 |a BIBCUR |b BIBCUR |d 2019-11-21 |i 4042921 |l 2 |o 543.08 SKO 2001 |p 4042921 |r 2025-04-22 |s 2022-06-20 |w 2019-11-21 |y BK |k QUI | ||
| 952 | |0 0 |1 0 |4 0 |6 543_080000000000000_SKO_2001 |7 0 |8 A |9 351070 |a BIBCUR |b BIBCUR |d 2019-11-21 |i 404293K |o 543.08 SKO 2001 |p 404293K |r 2025-04-22 |w 2019-11-21 |y BK |k QUI | ||
| 952 | |0 0 |1 0 |4 0 |6 543_080000000000000_SKO_2001 |7 0 |8 A |9 351071 |a BIBCUR |b BIBCUR |d 2019-11-21 |i 4042948 |o 543.08 SKO 2001 |p 4042948 |r 2025-04-22 |w 2019-11-21 |y BK |k QUI | ||
| 952 | |0 0 |1 0 |4 0 |6 543_080000000000000_SKO_2001 |7 0 |8 A |9 351072 |a BIBCUR |b BIBCUR |d 2019-11-21 |i 4042956 |o 543.08 SKO 2001 |p 4042956 |r 2025-04-22 |w 2019-11-21 |y BK |k QUI | ||
| 952 | |0 0 |1 0 |4 0 |6 543_080000000000000_SKO_2001 |7 0 |8 A |9 351073 |a BIBCUR |b BIBCUR |d 2019-11-21 |i 4042964 |o 543.08 SKO 2001 |p 4042964 |r 2025-04-22 |w 2019-11-21 |y BK |k QUI | ||
| 952 | |0 0 |1 0 |4 0 |6 543_080000000000000_SKO_2001 |7 0 |8 A |9 351074 |a BIBCUR |b BIBCUR |d 2019-11-21 |i 4042972 |o 543.08 SKO 2001 |p 4042972 |r 2025-04-22 |w 2019-11-21 |y BK |k QUI | ||
| 952 | |0 0 |1 0 |4 0 |6 543_080000000000000_SKO_2001 |7 0 |8 A |9 351075 |a BIBCUR |b BIBCUR |d 2019-11-21 |i 4042980 |o 543.08 SKO 2001 |p 4042980 |r 2025-04-22 |w 2019-11-21 |y BK |k QUI | ||
| 952 | |0 0 |1 0 |4 0 |6 543_080000000000000_SKO_2001 |7 0 |8 A |9 351076 |a BIBCUR |b BIBCUR |d 2019-11-21 |i 4042999 |o 543.08 SKO 2001 |p 4042999 |r 2025-04-22 |w 2019-11-21 |y BK |k QUI | ||
| 952 | |0 0 |1 0 |4 0 |6 543_080000000000000_SKO_2001 |7 0 |8 A |9 351077 |a BIBCUR |b BIBCUR |d 2019-11-21 |i 4043006 |o 543.08 SKO 2001 |p 4043006 |r 2025-04-22 |w 2019-11-21 |y BK |k QUI | ||
| 952 | |0 0 |1 0 |4 0 |6 543_080000000000000_SKO_2001 |7 0 |8 A |9 351078 |a BIBCUR |b BIBCUR |d 2019-11-21 |i 4043014 |l 2 |o 543.08 SKO 2001 |p 4043014 |r 2025-04-22 |s 2025-03-19 |w 2019-11-21 |y BK |k QUI | ||
| 952 | |0 0 |1 0 |4 0 |6 543_080000000000000_SKO_2001 |7 0 |8 A |9 351079 |a BIBCUR |b BIBCUR |d 2019-11-21 |i 4043022 |o 543.08 SKO 2001 |p 4043022 |r 2025-04-22 |w 2019-11-21 |y BK |k QUI | ||
| 952 | |0 0 |1 0 |4 0 |6 543_080000000000000_SKO_2001 |7 0 |8 A |9 351080 |a BIBCUR |b BIBCUR |d 2019-11-21 |i 4043030 |o 543.08 SKO 2001 |p 4043030 |r 2025-04-22 |w 2019-11-21 |y BK |k QUI | ||
| 952 | |0 0 |1 0 |4 0 |6 543_080000000000000_SKO_2001 |7 0 |8 A |9 351081 |a BIBCUR |b BIBCUR |d 2019-11-21 |i 4043049 |o 543.08 SKO 2001 |p 4043049 |r 2025-04-22 |w 2019-11-21 |y BK |k QUI | ||
| 952 | |0 0 |1 0 |4 0 |6 543_080000000000000_SKO_2001 |7 0 |8 A |9 351082 |a BIBCUR |b BIBCUR |d 2019-11-21 |i 4043057 |o 543.08 SKO 2001 |p 4043057 |r 2025-04-22 |w 2019-11-21 |y BK |k QUI | ||
| 952 | |0 0 |1 0 |4 0 |6 543_080000000000000_SKO_2001 |7 0 |8 A |9 351083 |a BIBING |b BIBING |d 2019-11-21 |i 4729846 |o 543.08 SKO 2001 |p 4729846 |r 2025-01-20 |w 2019-11-21 |y BK |k EIQ | ||
| 952 | |0 0 |1 0 |3 erb |4 0 |6 543_080000000000000_SKO_2001 |7 0 |8 A |9 351084 |a BIBING |b BIBING |i 519881K |o 543.08 SKO 2001 |p 519881K |r 2025-01-20 |w 2019-11-21 |y BK |z Catalogado en:20150911 |k EIQ | ||